| 000 | 00430nam a22001697a 4500 | ||
|---|---|---|---|
| 003 | MPLRDC | ||
| 005 | 20220104124443.0 | ||
| 008 | 210129b ||||| |||| 00| 0 eng d | ||
| 020 | _a7-5346-0305-6 | ||
| 082 | _a859.3 JSSN v.4 | ||
| 100 | _a俞伯洪编辑 | ||
| 245 |
_a唐宋传奇故事精选 _c |
||
| 260 |
_a _b江苏少年儿童出版社 _c |
||
| 300 | _b平 | ||
| 650 | _a儿童历史故事 | ||
| 942 |
_cBK _o859.3 JSSN v.4 |
||
| 999 |
_c19452 _d19442 |
||